| 000 | 01363nam a22002417a 4500 | ||
|---|---|---|---|
| 999 |
_c21378 _d21378 |
||
| 003 | AR-CdUCM | ||
| 008 | 190319b ||||| |||| 00| 0 spa d | ||
| 020 | _a9788483227435 | ||
| 040 |
_aMUNICIPALIDAD PROVINCIAL DEL CUSCO _cBIBLIOTECA MUNICIPAL DEL CUSCO |
||
| 082 |
_a541/T58 _bT58 _2Décima |
||
| 100 |
_aTimberlake, Karen C _944595 |
||
| 245 |
_aQuímica una introducción a la Química General, Orgánica y Biológica / _cKaren C. Timberlake |
||
| 260 |
_aMadrid ; _bPearson, _c2011. |
||
| 300 |
_a760 Páginas. : _bilustraciones en color ; _c21.5 x 27 cm. |
||
| 505 | _aContenido: Medidas -- Energía y materia -- Átomos y elementos -- Los compuestos químicos y sus enlaces -- Cantidades y reacciones químicas -- Gases -- Disoluciones -- Ácidos y bases -- Radiación nuclear -- Introducción a la Química orgánica los alcanos -- Hidrocarburos insaturados -- Compuestos orgánicos con oxígeno y azufre -- Ácidos carboxílicos,ésteres, aminas y amidas -- Hidratos de carbono -- Lípidos -- Aminoácidos, proteínas y enzima -- Ácidos nucleicos y síntesis de proteínas -- Procesos metabólicos y producción de energía. | ||
| 650 |
_aQuímica _94512 |
||
| 650 |
_aCiencia _92098 |
||
| 650 |
_aQuímica General _944596 |
||
| 650 |
_aQuímica Orgánica _921647 |
||
| 650 |
_aQuímica Biológica _944597 |
||
| 942 |
_2ddc _cLIBROS |
||
| 945 | _aRoel | ||